Most Popular Songs in USA 1/11/2025 - Statistics

General Stats
  • This quiz has been taken 18 times
  • The average score is 9 of 15
Answer Stats
Rank Artist (Version) Answer Streams Radio Airplay Sales % Correct
5. Rose, Bruno Mars APT. 19.7 Million 30.6 Million 6 Thousand
93%
1. Lady GaGa, Bruno Mars Die With A Smile 27.1 Million 59.7 Million 6 Thousand
93%
9. Sabrina Carpenter Espresso 13.5 Million 55.8 Million 2.5 Thousand
93%
3. Billie Eilish Birds Of A Feather 18.9 Million 49.5 Million 3.5 Thousand
80%
2. Shaboozey A Bar Song (Tipsy) 19.5 Million 68 Million 7.5 Thousand
73%
12. Benson Boone Beautiful Things 14.4 Million 45.5 Million 3 Thousand
73%
6. Gracie Abrams That's So True 20.7 Million 21.4 Million 3 Thousand
67%
10. Sabrina Carpenter Taste 12.6 Million 53.1 Million 1.5 Thousand
60%
14. Hozier Too Sweet 10 Million 45.4 Million 2.5 Thousand
60%
8. Post Malone, Morgan Wallen I Had Some Help 15.8 Million 45.9 Million 2.5 Thousand
47%
7. Kendrick Lamar, SZA Luther 20.6 Million 16.8 Million 1.5 Thousand
47%
4. Lose Control Lose Control 18.1 Million 49.3 Million 6 Thousand
40%
15. The Weeknd, Playboi Carti Timeless 13.1 Million 29.8 Million 0.5 Thousand
40%
11. Kendrick Lamar, Lefty Playoff TV Off 19.7 Million 18.7 Million 1.5 Thousand
33%
13. Morgan Wallen Love Somebody 13.3 Million 34.1 Million 3.5 Thousand
13%
No matching quizzes found
Score Distribution
Percent of People with Each Score
Percentile by Number Answered
Your Score History
You have not taken this quiz